• 首页
  • 本馆介绍
  • 公告通知
  • 最新文献
  • 馆藏检索
  • 电子资源
  • 读者导购
  • 参考咨询
  • 我的图书馆
  • 登录
  • 详细信息显示
  • 放入我的书架
  • 预约/预借图书
  • 作者相关作品
  • 分类相关作品
  • 丛书相关作品
  • 出版社相关作品

书目信息

  • 表格格式
  • 工作单格式
  • 卡片格式
题名:
体制转型背景下的中国民间公共组织发展
    
 
作者: 杨海涛 著
分册:  
出版信息: 北京   北京大学出版社  2016
页数: 340页
开本: 24cm
丛书名:
单 册:
中图分类: C232
科图分类:
主题词: 社会团体--she hui tuan ti--研究--中国
电子资源:
ISBN: 978-7-301-27678-5
000 01424nam0 22002531 450
001 1730354538
005 20170525101556.0
010    @a978-7-301-27678-5@b精装@dCNY68.00
100    @a20161219d2016 em y0chiy50 ea
101 0  @achi
102    @aCN@b110000
105    @ay z 000yy
106    @ar
200 1  @a体制转型背景下的中国民间公共组织发展@Ati zhi zhuai xing bei jing xia de zhong guo min jian gong gong zu zhi fa zhan@e公共物品的第三种供给主体研究@f杨海涛著
210    @a北京@c北京大学出版社@d2016
215    @a340页@d24cm
300    @a受西南财经大学“中央高校基本科研业务费专项资金资助”,即2016年专著出版与后期资助项目“体制转型背景下的中国民间公共组织发展”和2014年重大基础理论研究后续资助项目“使市场在资源配置中起决定性作用和更好发挥政府作用研究”
330    @a本书以“中国民间公共组织”为研究对象,以“公共物品的第三种供给主体”角度为切入点,探讨中国社会经济体制转型背景下的“公共物品供求矛盾”问题。首先介绍公共物品和民间公共组织发展的理论渊源,探讨其现实社会根源;然后分别针对农村专业合作组织、工会、商会、民间志愿组织,探究其产生原因、发展过程、未来趋势;最后归纳提炼出关于“中国民间公共组织”的一般分析框架。
517 1  @a公共物品的第三种供给主体研究@Agong gong wu pin de di san zhong gong gei zhu ti yan jiu
606 0  @a社会团体@Ashe hui tuan ti@x研究@y中国
690    @aC232@v5
701    @a杨海涛@Ayang hai tao@f(1975-)@4著
801  0 @aCN@bTANG WEI@c20170524
905    @b0970002-4@dC232@e321@f3
    
    体制转型背景下的中国民间公共组织发展:公共物品的第三种供给主体研究/杨海涛著.-北京:北京大学出版社,2016
    340页;24cm
    受西南财经大学“中央高校基本科研业务费专项资金资助”,即2016年专著出版与后期资助项目“体制转型背景下的中国民间公共组织发展”和2014年重大基础理论研究后续资助项目“使市场在资源配置中起决定性作用和更好发挥政府作用研究”
    
    ISBN 978-7-301-27678-5(精装):CNY68.00
    本书以“中国民间公共组织”为研究对象,以“公共物品的第三种供给主体”角度为切入点,探讨中国社会经济体制转型背景下的“公共物品供求矛盾”问题。首先介绍公共物品和民间公共组织发展的理论渊源,探讨其现实社会根源;然后分别针对农村专业合作组织、工会、商会、民间志愿组织,探究其产生原因、发展过程、未来趋势;最后归纳提炼出关于“中国民间公共组织”的一般分析框架。
●
相关链接 在E读中查询图书 在五车中查询图书 在当当中查询图书 在豆瓣中查询图书


正题名:体制转型背景下的中国民间公共组织发展     索取号:C232/321         预约/预借

序号 登录号 条形码 馆藏地/架位号 状态 备注
1 0970002   209700028   第一样本阅览室/ [索取号:C232/321] 在馆    
2 0970003   209700037   第一借阅区/ [索取号:C232/321] 在馆    
3 0970004   209700046   第一借阅区/ [索取号:C232/321] 在馆    
唐山师范学院图书馆 欢迎您!
大连网信软件有限公司© 版权所有